Statistics for Airlines represented on the Dyna Flites toy plane line

Click here to take the quiz!

General Stats

  • This quiz has been taken 29 times
  • The average score is 10 of 22

Answer Stats

HintAnswer% Correct
Boeing 747British Airways|BOAC
100%
Boeing 727Delta
100%
Boeing 747, Boeing 767, Boeing 727United
100%
ConcordeAir France
80%
DC-10American
80%
Boeing 707Lufthansa
80%
Boeing 727KLM
60%
Concorde, Boeing 747, L-1011Pan Am
60%
DC-3CP Air|Canadian|Canadien
40%
Boeing 727Japan Airlines|JAL
40%
DC-10NWA|Northwest
40%
L-1011Air Pacific|Fiji Airways
20%
Boeing 727ANA|All Nippon Airways
20%
Unspecified aircraft type (on source article)Austrian
20%
Boeing 747, Boeing 727Braniff
20%
Boeing 707Continental
20%
Boeing 727, L-1011Eastern
20%
DC-10Federal Express|Fed Ex
20%
Boeing 747Flying Tigers
20%
DC-9Hawaiian
20%
Boeing 747, DC-10TWA|Trans World Airlines
20%
Boeing 727Western
20%

Score Distribution

Percentile by Number Answered

Percent of People with Each Score

Your Score History

You have not taken this quiz